Narysuj granice Europy - Statystyki

Ogólne statystyki
  • Ten quiz został rozwiązany 930 razy
  • Średni wynik to 67 z 87
Odpowiedzi na mapie
Odpowiedzi zakodowano w zielono-czerwonej skali na mapie do tego quizu, zgodnie z poniższymi procentami.
 
Statystyki odpowiedzi
Odpowiedź % Poprawnych
Niemcy - Polska
94%
Litwa - Polska
91%
Polska - Ukraina
91%
Białoruś - Polska
90%
Czechy - Polska
90%
Polska - Rosja
89%
Polska - Slowacja
89%
Hiszpania - Francja
87%
Niemcy - Francja
87%
Norwegia - Szwecja
87%
Hiszpania - Portugalia
86%
Estonia - Lotwa
85%
Finlandia - Szwecja
85%
Litwa - Lotwa
85%
Rosja - Ukraina
85%
Belgia - Niemcy
84%
Białoruś - Ukraina
84%
Czechy - Niemcy
84%
Finlandia - Rosja
84%
Francja - Włochy
84%
Lotwa - Rosja
84%
Austria - Niemcy
83%
Belgia - Francja
83%
Estonia - Rosja
83%
Niemcy - Dania
83%
Niemcy - Holandia
83%
Białoruś - Litwa
82%
Białoruś - Rosja
82%
Czechy - Slowacja
82%
Litwa - Rosja
82%
Szwajcaria - Niemcy
82%
Austria - Czechy
81%
Rumunia - Ukraina
81%
Slowacja - Ukraina
81%
Szwajcaria - Francja
81%
Szwajcaria - Włochy
81%
Węgry - Slowacja
81%
Białoruś - Lotwa
80%
Austria - Węgry
79%
Austria - Włochy
79%
Belgia - Holandia
79%
Irlandia - Wielka Brytania
79%
Austria - Slowacja
78%
Austria - Szwajcaria
78%
Moldawia - Ukraina
78%
Niemcy - Luksemburg
78%
Bułgaria - Rumunia
77%
Węgry - Rumunia
77%
Węgry - Serbia
77%
Węgry - Ukraina
77%
Włochy - Watykan
77%
Albania - Grecja
76%
Chorwacja - Slowenia
76%
Andora - Hiszpania
75%
Austria - Slowenia
75%
Bośnia i Hercegowina - Chorwacja
75%
Bułgaria - Grecja
75%
Chorwacja - Węgry
75%
Francja - Luksemburg
75%
Rumunia - Serbia
75%
Włochy - Slowenia
75%
Bułgaria - Serbia
74%
Finlandia - Norwegia
74%
Moldawia - Rumunia
74%
Węgry - Slowenia
74%
Włochy - San Marino
74%
Andora - Francja
73%
Belgia - Luksemburg
73%
Bośnia i Hercegowina - Serbia
73%
Chorwacja - Serbia
72%
Grecja - Macedonia Północna
72%
Bułgaria - Macedonia Północna
71%
Serbia - Kosowo
71%
Albania - Czarnogóra
70%
Albania - Macedonia Północna
70%
Bośnia i Hercegowina - Czarnogóra
70%
Francja - Monako
70%
Szwajcaria - Liechtenstein
70%
Albania - Kosowo
69%
Czarnogóra - Serbia
68%
Macedonia Północna - Kosowo
68%
Macedonia Północna - Serbia
68%
Austria - Liechtenstein
67%
Czarnogóra - Kosowo
67%
Norwegia - Rosja
58%
Czarnogóra - Chorwacja
43%
Hiszpania - Wielka Brytania
32%
Nie znaleziono quizów pasujących do podanych kryteriów
Rozkład punktacji
Procent ludzi z każdym wynikiem
Percentyl według liczby udzielonych odpowiedzi
Twoja historia wyników
Nie rozwiązałeś tego quizu